Mechanics of materials (Record no. 3297)

000 -LEADER
fixed length control field 00538nam a2200217 i 4500
001 - CONTROL NUMBER
control field 3297
003 - CONTROL NUMBER IDENTIFIER
control field BD-DhUET
008 - FIXED-LENGTH DATA ELEMENTS--GENERAL INFORMATION
fixed length control field 800828s1981 nyua 001 0 eng
020 ## - INTERNATIONAL STANDARD BOOK NUMBER
International Standard Book Number 0070661782
020 ## - INTERNATIONAL STANDARD BOOK NUMBER
International Standard Book Number 0070042845
040 ## - CATALOGING SOURCE
Original cataloging agency DLC
Transcribing agency DLC
Modifying agency BD-DhUET
082 00 - DEWEY DECIMAL CLASSIFICATION NUMBER
Classification number 620.11
Item number BEE/1981
100 ## - MAIN ENTRY--PERSONAL NAME
Personal name Beer, Ferdinand P.
245 10 - TITLE STATEMENT
Title Mechanics of materials
250 ## - EDITION STATEMENT
Edition statement 1st ed.
260 ## - PUBLICATION, DISTRIBUTION, ETC. (IMPRINT)
Place of publication, distribution, etc. Auckland
Name of publisher, distributor, etc. McGraw-Hill
Date of publication, distribution, etc. 1981
300 ## - PHYSICAL DESCRIPTION
Extent xv, 616 p.
Other physical details il
650 #0 - SUBJECT ADDED ENTRY--TOPICAL TERM
Topical term or geographic name as entry element Strength of materials
700 1# - ADDED ENTRY--PERSONAL NAME
Personal name Johnston, E. Russell
942 ## - ADDED ENTRY ELEMENTS (KOHA)
Koha item type General Book
Holdings
Koha normalized classification for sorting Shelving location Copy number Lost status Koha issues (times borrowed) Koha date last borrowed Koha renewals Koha full call number Withdrawn status Source of classification or shelving scheme Koha item type Damaged status Price effective from Sublocation or collection (holding branch) Koha date last seen Location (home branch) Not for loan Date acquired Piece designation (barcode)
620_110000000000000_BEE_1981Circulation section1 32025-04-29 620.11/BEE/1981  General Book 2014-10-25Central Library, BUET2025-05-13Central Library, BUET 2014-10-2559574
620_110000000000000_BEE_1981Circulation section2 52021-12-12 620.11/BEE/1981  General Book 2015-01-19Central Library, BUET2025-04-22Central Library, BUET 2015-01-1986676
620_110000000000000_BEE_1981Circulation section3 12018-05-13 620.11/BEE/1981  General Book 2015-04-19Central Library, BUET2018-05-19Central Library, BUET 2015-04-1959568
620_110000000000000_BEE_1981Circulation section5    620.11/BEE/1981  General Book 2015-04-19Central Library, BUET2015-04-19Central Library, BUET 2015-04-1959565
620_110000000000000_BEE_1981Reading section6    620.11/BEE/1981  General Book 2015-06-16Central Library, BUET2015-06-16Central Library, BUET 2015-06-1684611
620_110000000000000_BEE_1981Reading section7    620.11 BEE/1981  Rental Item 2015-07-06Central Library, BUET2015-07-06Central Library, BUET 2015-07-0659560